000 00229 a2200097 4500
001 30387
100 _aHAR, W D E Camare
245 _aThe collected poems of W De Camare
260 _aLondon
_bClarendon
_c
090 _c20339
_d20339
942 _aNUST-CAE
_cM
_c11491
999 _c265460
_d265460